00705nam a2200241 a 4500001001300000003000900013005001700022008004100039020001000080082001800090100002000108245004600128260004700174300000900221500003500230505002400265650001900289700002000308902000800328942000700336952010500343999001500448nice12345678IN_TiNIC20260116011700.0050524s1969 mada grp 000 0 eng  ac10000a230.0954bBOY aByod, Robin H S aIntroduction to Indian Christian Theology aMadrasbChristian Literature Societyc1969 a285p aincludes index and biblioraphy2 aBibliography, Index aTheology-India1 aByod, Robin H S bSRS cBK 00104070aHMIbHMId2007-06-13g100.00l1o230. BOYp05662r2018-09-10s2018-09-06w2026-01-16yBK c3377d3377